| 000 | 00719nam a22001817a 4500 | ||
|---|---|---|---|
| 005 | 20230915144352.0 | ||
| 010 | _aHIN-126005 | ||
| 020 |
_a9788188556236 _c600.00 |
||
| 035 | _aHN-98351 | ||
| 037 | _bDBAD/PUB | ||
| 082 | _a821 | ||
| 100 |
_a वेदप्रकाश 'बटुक' _956718 |
||
| 245 |
_aअभिशप्त द्वापर / _c वेदप्रकाश |
||
| 260 |
_bभारतीय साहित्य प्रकाशन _aमेरठ _c2018 |
||
| 270 |
_a57 -ए न्यू आर्य नगर जेल रोड _e250004 _bमेरठ |
||
| 300 |
_a320 पृ. _c23 सेमी (अजिल्द) |
||
| 942 |
_cHN _2ddc _h821 _m वेदप्र |
||
| 999 |
_c198198 _d198198 |
||